000 00864nmm a2200277 a 4500
003 AR-BaBNM
005 20251128211300.0
008 283120s2003 ||||||||||||||000 | spa||
020 _a950-753-104-1
040 _cAR-BaBNM
245 1 0 _aLa familia toma la palabra
_bprimera antología provincial: año 2002
260 _aBuenos Aires
_bEdiciones de la Comunidad Educativa
_c2003
300 _a94 p., 47
650 4 _aLITERATURA ARGENTINA
650 4 _aLITERATURA CONTEMPORANEA
650 4 _aANTOLOGIAS
650 4 _aPROVINCIAS ARGENTINAS
651 4 _aChaco
655 _aLITERATURA
700 1 _aVerdún, Luis
_eprologuista
700 1 _aArroyo de Andrijasevich, María Cristina
_eprologuista
700 1 _aGarcía, Cuity
_eprologuista
740 0 _aSol del Mercosur: Poetas locales y alumnos poetas: año 1998
942 _cBK
998 _cmartin
999 _c18991
_d18991